00932nam a2200253 a 450000100060000000300080000600500170001400800390003103500190007004000320008904100080012108200220012910000340015124500970018526000610028230000390034350400300038250400200041265100280043274000440046094200120050499900170051695201450053327492BD-RjUL20211209051148.0140325r19571947oncab b 001 0 eng a(BD-RjUL)27566 aDLCcDLCdDLCdBD-RjULbeng aeng00a971219bMCC 19571 aMcInnis, Edgar.d1899-98446110aCanada, a political & social history /cEdgar McInnis, with a final chapter by Michiel Horn. aToronto :bRinahart and company,cc1947 [Reprint 1957].. axv, 574 p. :bill., maps ;c23 cm. aBibliography: p. 727-740. aIncludes index. 0aCanadaxHistory.9844620 aCanada, a political and social history. 2ddccBK c27492d27492 00102ddc40728NFICaRUCLbRUCLcReadingd1961-06-30eAsia Fundation Giftg0.00l0o971 MCC 1957r2014-03-25 00:00:00tC-1w2021-12-09yBK